00522cam a22001097a 4500008003800000082001600038100008200054245010700136260009200243300000900335500006800344180718b-- xxu||||| |||| 00| 0 eng d aT19065x54 I aIndia. Ministry of Finance. Department of Economic Affairs. Economic Division aIndian economic statistics,cby Economic Division, Department of Economic Affairs, Ministry of Finance aNew DelhibEconomic Division, Department of Economic Affairs, Ministry of Financec1959 a93p. aLibrary has 1959, (part 1 & 2) 1968 (part 1 & 2), 1969 (part 3)